00249nam a2200097Ia 4500008004100000020001800041100001900059245003400078260002900112365001000141190107s9999 xx 000 0 und d a9788187326953 aJ. Krishnamuri 4aThe awakening of intelligence bKrishnamurti foundations b495/-